| 000 | 01055 a2200301 4500 | ||
|---|---|---|---|
| 999 |
_c664 _d664 |
||
| 020 | _a000000000 | ||
| 050 | 0 | 0 |
_aRA552.T34 _bCOM 1981 |
| 100 |
_aWood, C.H. _eeditor |
||
| 245 | 0 | 0 |
_aCommunity health / _cedited by C.H. Wood, J.P. Vaughan, H. de Glanville ; illustrated by Jean Lorenz, Willy Okiror. |
| 264 |
_aNairobi : _bAfrican Medical and Research Foundation, _c1981 |
||
| 300 |
_axii, 478, [8] fold. p., [1] leaf of plates : _bill., map ; |
||
| 336 |
_2rdacontent _atext _btxt |
||
| 337 |
_2rdamedia _aunmediated _bn |
||
| 338 |
_2rdacarrier _avolume _bnc |
||
| 440 | 0 | _aRural health series ; | |
| 500 | _aCommunity Health | ||
| 650 | 0 | _aCommunity health services | |
| 650 | 0 | _aPublic health | |
| 650 | 0 | _aHealth education | |
| 650 | 0 | _aCommunity health services. | |
| 650 | 0 | _aPublic health. | |
| 650 | 0 | _aHealth education. | |
| 700 | 1 |
_aWood, C. H. _q(Christopher H.), _d1924-2009. |
|
| 700 | 1 | _aVaughan, Patrick. | |
| 700 | 1 | _aDe Glanville, H. | |
| 710 | 2 | _aAfrican Medical and Research Foundation. | |
| 942 |
_2lcc _cBK _h552.T34 _iCOM _kRA |
||